000 00758nam a2200217Ia 4500
001 16697
003 GE_BSU
008 181216s||||||||xx |||||||||||||| ||und||
040 _cGE_BSU
080 _a796 + 821.161.1-32 + 821.161.1.03=353.1
100 _aკასილი, ლევ
245 _aსპორტული მოთხრობები
245 _cთარგმნა უშანგი ბახტაძემ.რედ. ნ.ასათიანი
260 _aთბილისი
260 _bსაბჭ. საქართველო
260 _c1970
300 _a227გვ. : ილ. ; 20სმ
653 _aსპორტი
653 _aსპორტული მოთხრობები
942 _cBK
999 _c49762
_d49762